00896nac a22002291u 4500010001600000020001500016082001600031090001500047100003400062245013100096250001200227260003400239300003300273500001100306504006600317650003300383650001900416856007900435942001800514999001500532952011900547 a 99028182 a038547999900a658.4bIs14 c2497d2497 aIsaacs, William. 10aDialogue and the art of thinking together :ba pioneering approach to communicating in business and in life /cWilliam Isaacs. a1st ed. aNew York :bCurrency,cc1999. axx, 428 p. :bill. ;c22 cm. aShuaa. aIncludes bibliographical references (p. [404]-417) and index. 0aCommunication in management. 0aCommunication.413Sample textuhttp://www.loc.gov/catdir/enhancements/fy0601/99028182-s.html cBBk658.4Is14 c2497d2497 00104070aMAINbMAINc1STd2007-02-21ePurchasel4m1o658.4 ISAp000001650r2025-07-15 00:00:00s2018-01-28yBB